Word Ladder: Ballet & Play Quiz Stats

 Plays Quiz Updated Sep 4, 2012

Support Sporcle.
Go Orange.
Score 0/40 Timer 03:00
0 Plays Today
% Correct
SEEN
95.6%
SEAN
95.4%
PETS
92.7%
PEAS
92.7%
TEAS
92.5%
TEEN
91.9%
TEAM
91.6%
TUTU
89%
MEAT
88.3%
MELT
85.2%
TEEM
85.1%
COLE
84.2%
COLT
81.4%
MOLT
80.8%
PEAR
80.6%
PUTS
80.3%
PEAT
79.3%
GULL
77.7%
BITE
77.2%
TULL
76.9%
% Correct
BILE
76.8%
TUTS
75.8%
PILL
74.9%
PILE
74.6%
CÔTE
74.2%
BELT
71.6%
BILL
71.1%
MAKE
70.1%
SWAN
69.5%
CITE
67.6%
BELL
66.6%
LAKE
66.3%
TULU
65.8%
GALL
58.9%
MALÉ
52.6%
GALE
52.4%
BENT
44.3%
GENT
36.1%
PEER
20.5%
GYNT
16.9%

Today's Daily Dose

You're not logged in!

Compare scores with friends on all Sporcle quizzes.
OR
Log In
Forgot?

From the Vault

First Word First Names: Books

by MSUKent

Title characters continue to get all the glory.
Remove Ads.
Support Sporcle.
Get the best of Sporcle when you Go Orange. This ad-free experience offers more features, more stats, and more fun while also helping to support Sporcle. Thank you for becoming a member.

Show Comments

Extras

Top Quizzes Today


Score Distribution

Your Account Isn't Verified!

In order to create a playlist on Sporcle, you need to verify the email address you used during registration. Go to your Sporcle Settings to finish the process.

Report this User

Report this user for behavior that violates our Community Guidelines.

Details: